| 000 | 00362nam a2200145Ia 4500 | ||
|---|---|---|---|
| 008 | 230312s9999||||xx |||||||||||||| ||und|| | ||
| 020 | _a1-55963-646-7 | ||
| 082 |
_a712.01 _bTHO-S |
||
| 100 | _aThompson;J.William | ||
| 245 | 0 | _aSustainable Landscape Construction | |
| 260 |
_bISLAND Press _aUSA _c2000 |
||
| 300 | _a348 | ||
| 650 | _aArchitecture | ||
| 942 | _cBK | ||
| 999 |
_c11857 _d11857 |
||